| 000 | 01087nam a22002417a 4500 | ||
|---|---|---|---|
| 999 |
_c19432 _d19432 |
||
| 003 | AR-CdUCM | ||
| 008 | 190517b ||||| |||| 00| 0 spa d | ||
| 040 |
_aMUNICIPALIDAD PROVINCIAL DEL CUSCO _cBIBLIOTECA MUNICIPAL DEL CUSCO |
||
| 041 | _heng | ||
| 082 |
_a338.9 / _bP25 |
||
| 100 |
_aPapanek, Gustav F. _940759 |
||
| 245 | _aEstructuración de un programa para países en desarrollo / | ||
| 260 |
_aMéxico : _bLimusa Wiley, _c1963. |
||
| 300 |
_a88 páginas ; _c23.5 cm. |
||
| 505 | _aContenido: Cómo se determina la composición de un programa de desarrollo -- Los objetivos de desarrollo -- La estrategia de desarrollo -- Las estrategias relacionadas con los factores culturales o políticos -- Las estrategias relacionadas con los grupos "clave" -- Las estrategias relacionadas con el ahorro ... | ||
| 650 |
_aDesarrollo _92021 |
||
| 650 |
_aFactores culturales _930646 |
||
| 650 |
_aEconomía _9382 |
||
| 700 |
_aSbert, Antonio M. (traducción) _940760 |
||
| 710 |
_aCentro Regional de Ayuda Técnica - A.I.D. _940742 |
||
| 942 |
_2ddc _cLIBROS |
||
| 945 |
_aachl _d2019-05-17 |
||